000 00273nam a2200109Ia 4500
005 20251222143309.0
008 251222s9999||||xx |||||||||||||| ||spa||
082 _a985.019.1/R68/T.II
100 _aRiva Aguero, José de la
245 0 _aLa Historia en el PerĂș
942 _cLIB
999 _c15636
_d15636